A Pénzvilág. - 22.évf. (1932) 21-22. sz.
Elmentve itt :
| Dokumentumtípus: | Folyóirat |
|---|---|
| Megjelent: |
1932
|
| Sorozat: | A Pénzvilág
22 No. 21-22 |
| Online Access: | http://misc.bibl.u-szeged.hu/69402 |
| LEADER | 00456nas a2200133 i 4500 | ||
|---|---|---|---|
| 001 | misc69402 | ||
| 005 | 20211013131906.0 | ||
| 008 | 211013s1932 hu o 0|| zxx d | ||
| 040 | |a SZTE Miscellanea Repozitórium |b hun | ||
| 041 | |a zxx | ||
| 245 | 0 | 2 | |a A Pénzvilág. - 22.évf. (1932) 21-22. sz. |h [elektronikus dokumentum] |
| 260 | |c 1932 | ||
| 490 | 0 | |a A Pénzvilág |v 22 No. 21-22 | |
| 856 | 4 | 0 | |u http://misc.bibl.u-szeged.hu/69402/1/penzvilag_1932_021_022.pdf |z Dokumentum-elérés |